000 00226 a2200097 4500
001 46888
100 _aDickson P
245 _aThe electronic battle field
260 _aBlooming
_bIndiana university
_c
090 _c29973
_d29973
942 _aNUST-CAE
_cM
_c22194
999 _c281961
_d281961